[Event "15th Deltalift Open 2018"]
[Site "Halmstad"]
[Date "2018.05.12"]
[Round "8"]
[White "Fransson, Patrick"]
[Black "Wahlstrom, Lennart"]
[Result "0-1"]
[WhiteElo "2129"]
[BlackElo "2200"]
[Annotator "NA"]
[PlyCount "90"]
[EventDate "2018.??.??"]
[EventType "swiss"]
[EventCountry "SWE"]
[SourceTitle "playchess.com"]
[Source "ChessBase"]
[SourceQuality "1"]
[TimeControl "1800+12"]

{[%evp 8,86,-12,-54,-37,-46,-40,-46,-37,-45,-22,-51,-43,-49,-31,-18,-20,-61,-37,-52,32767,32767,32767,-97,-37,-161,-34,32767,32767,-128,-166,-135,32767,-180,-92,32767,32767,32767,-258,-249,32767,32767,-345,-331,32767,-201,-253,32767,-358,-356,-256,32767,32767,-223,-185,32767,32767,-207,32767,32767,-205,32767,32767,32767,-176,32767,32767,32767,32767,32767,32767,32767,32767,32767,32767,32767,-29988,-29989,-29990,-29990,-29991]} 1. d4 {[%emt 0:00:00]} d5 {[%emt 0:00:00]} 2. Bg5 {[%emt 0:00:00]} h6 {[%emt 0:00:00]} 3. Bf4 {[%emt 0:00:00]} c5 {[%emt 0:00:00]} 4. dxc5 {[%emt 0:00:00]} e6 {[%emt 0:00:00]} 5. c3 {[%emt 0:00:00]} Bxc5 {[%emt 0:00:00]} 6. e3 {[%emt 0:00:00]} Nf6 {[%emt 0:00:00]} 7. Nd2 {[%emt 0:00:00]} Nc6 {[%emt 0:00:00]} 8. Ngf3 {[%emt 0:00:00]} O-O {[%emt 0:00:00]} 9. h3 {[%emt 0:00:00]} Re8 {[%emt 0:00:00]} 10. Bb5 {[%emt 0:00:00]} Bd6 {[%emt 0:00:00]} 11. Bxd6 {[%emt 0:00:00]} Qxd6 {[%emt 0:00:00]} 12. Qe2 {[%emt 0:00:00]} a6 {[%emt 0:00:00]} 13. Ba4 {[%emt 0:00:00]} b5 {[%emt 0:00:00]} 14. Bc2 {[%emt 0:00:00]} e5 {[%emt 0:00:00]} 15. Rd1 {[%emt 0:00:00]} ({Better is} 15. O-O $15) 15... Qc7 {[%emt 0:00:00]} 16. Nb3 {[%emt 0:00:00] [#]} (16. O-O $15) 16... b4 {[%emt 0:00:28]} ({Better is} 16... a5 $1 $17 17. e4 dxe4 18. Bxe4 Be6) 17. cxb4 {[%emt 0:09:46]} Nxb4 {[%emt 0:00:00]} 18. Rc1 {[%emt 0:00:03] [#]} Qb6 $1 {[%emt 0:00:35]} 19. Bb1 {[%emt 0:03:33]} a5 {[%emt 0:04:10]} 20. Nc5 {[%emt 0:00:46] [#]} Na6 {[%emt 0:04:01]} ({Black should try} 20... Ne4 $1 $19 {[%cal Re4c5][%mdl 512]} 21. Nxe4 (21. Bxe4 dxe4) 21... Ba6 22. Nf6+ Qxf6) 21. Nb3 {[%emt 0:04:48]} a4 {[%emt 0:01:01]} 22. Nbd2 {[%emt 0:01:28]} Qxb2 {[%emt 0:01:05]} 23. O-O {[%emt 0:02:27]} Nb4 {[%emt 0:05:39]} 24. Qd1 {[%emt 0:03:40]} Ba6 {[%emt 0:02:53]} 25. Re1 {[%emt 0:00:29]} Nd3 {[%emt 0:05:24]} 26. Bxd3 {[%emt 0:02:04]} Bxd3 {[%emt 0:00:00]} 27. Ra1 {[%emt 0:00:29]} Rec8 {[%emt 0:03:52]} 28. Nf1 {[%emt 0:01:01]} Be4 {[%emt 0:01:01]} 29. Re2 {[%emt 0:00:37]} Bxf3 30. gxf3 {[%emt 0:00:00]} Qb4 {[%emt 0:00:32]} 31. Rc1 {[%emt 0:01:32]} d4 {[%emt 0:00:57]} 32. Ng3 {[%emt 0:01:02]} Rxc1 {[%emt 0:00:56]} 33. Qxc1 {[%emt 0:00:00]} d3 {[%emt 0:00:00]} 34. Rd2 {[%emt 0:00:00]} Rd8 {[%emt 0:00:05]} 35. Kg2 {[%emt 0:02:15]} g6 {[%emt 0:00:53]} 36. e4 {[%emt 0:00:14]} Kg7 {[%emt 0:00:10]} 37. Nf1 {[%emt 0:00:04]} Nh5 {[%emt 0:00:04]} 38. Ne3 {[%emt 0:00:06]} Nf4+ {[%emt 0:00:00]} 39. Kh2 {[%emt 0:00:18]} Rc8 {[%emt 0:01:20]} 40. Qxc8 {[%emt 0:00:35]} Qxd2 {[%emt 0:00:00]} 41. Ng4 {[%emt 0:00:00]} h5 {[%emt 0:00:00]} 42. Qc5 {[%emt 0:00:00]} hxg4 {[%emt 0:00:00]} 43. Qxe5+ {[%emt 0:00:00]} Kh7 {[%emt 0:00:00]} 44. Kg3 {[%emt 0:00:00]} Nh5+ {[%emt 0:00:00]} 45. Kh4 {[%emt 0:00:00]} Qxf2+ {[%emt 0:00:00]} 0-1

[Event "15th Deltalift Open 2018"]
[Site "Halmstad"]
[Date "2018.05.12"]
[Round "8"]
[White "Subramanian, Aditya"]
[Black "Haraldsson, Leif"]
[Result "1-0"]
[WhiteElo "2123"]
[BlackElo "1941"]
[Annotator "NA"]
[PlyCount "113"]
[EventDate "2018.??.??"]
[EventType "swiss"]
[EventCountry "SWE"]
[SourceTitle "playchess.com"]
[Source "ChessBase"]
[SourceQuality "1"]
[TimeControl "1800+12"]

1. c4 {[%emt 0:00:00]} f5 {[%emt 0:00:00]} 2. d4 {[%emt 0:00:00]} Nf6 {[%emt 0:00:00]} 3. Nc3 {[%emt 0:00:00]} g6 {[%emt 0:00:00]} 4. e3 {[%emt 0:00:00]} Bg7 {[%emt 0:00:00] LiveBook: 18 Games} 5. b4 {[%emt 0:00:00]} c6 {[%emt 0:00:00]} 6. Bb2 {[%emt 0:00:00]} O-O {[%emt 0:00:00]} 7. Nf3 {[%emt 0:00:00]} e6 8. c5 {[%emt 0:00:00]} d5 {[%emt 0:00:00]} 9. cxd6 {[%emt 0:00:00]} Qxd6 {[%emt 0:00:00]} 10. Qb3 {[%emt 0:00:00]} Re8 {[%emt 0:00:00]} 11. Be2 {[%emt 0:00:00]} Nbd7 {[%emt 0:00:00]} 12. O-O {[%emt 0:00:00]} Nd5 13. b5 {[%emt 0:00:00]} Nxc3 {[%emt 0:00:00]} 14. Bxc3 {[%emt 0:00:00]} c5 {[%emt 0:00:00]} 15. Rad1 {[%emt 0:00:00]} Qe7 16. Ne5 Nxe5 {[%emt 0:00:00]} 17. dxe5 {[%emt 0:00:00]} Qg5 {[%emt 0:00:00]} 18. Qa4 {[%emt 0:00:00]} Rf8 {[%emt 0:00:00]} 19. g3 {[%emt 0:00:00]} Qe7 {[%emt 0:00:00]} 20. Rd6 {[%emt 0:00:00]} g5 {[%emt 0:00:00]} 21. Bf3 {[%emt 0:00:00]} f4 {[%emt 0:00:00]} 22. Qe4 {[%emt 0:04:44]} ({Don't take} 22. gxf4 $6 gxf4 23. exf4 Bh6 $16) 22... fxg3 {[%emt 0:00:00]} 23. hxg3 {[%emt 0:00:03]} Rf7 {[%emt 0:01:16]} 24. Bh5 {[%emt 0:02:06]} Rf5 {[%emt 0:01:33]} 25. Rfd1 {[%emt 0:00:33]} Rb8 {[%emt 0:00:49]} 26. Bg4 {[%emt 0:02:25]} Rf8 {[%emt 0:01:45]} 27. Qc4 {[%emt 0:00:00]} b6 {[%emt 0:01:04]} 28. Bxe6+ {[%emt 0:00:04]} Bxe6 {[%emt 0:01:15]} 29. Rxe6 {[%emt 0:00:00]} Qf7 {[%emt 0:00:04]} 30. Be1 {[%emt 0:04:46]} Rbe8 {[%emt 0:07:22]} 31. Rdd6 {[%emt 0:00:44]} Bxe5 {[%emt 0:00:25]} 32. Rc6 {[%emt 0:00:00]} Rxe6 {[%emt 0:00:02]} 33. Rxe6 {[%emt 0:01:30]} Kg7 {[%emt 0:05:10]} 34. Qg4 {[%emt 0:01:48]} Bf6 {[%emt 0:02:17]} 35. a4 {[%emt 0:03:11]} h5 {[%emt 0:02:40]} 36. Qf5 {[%emt 0:00:34]} Qg6 {[%emt 0:02:14]} 37. Qxg6+ {[%emt 0:00:38]} Kxg6 {[%emt 0:00:00]} 38. a5 {[%emt 0:01:20]} Kf5 {[%emt 0:02:31]} 39. Rc6 {[%emt 0:00:00]} Rb8 {[%emt 0:04:52]} 40. e4+ {[%emt 0:01:04]} Kxe4 {[%emt 0:01:25]} 41. Rxf6 {[%emt 0:00:00]} bxa5 {[%emt 0:00:12]} 42. Ra6 {[%emt 0:00:35]} Rxb5 {[%emt 0:00:00]} 43. Rxa7 {[%emt 0:00:00]} Kf3 {[%emt 0:00:00]} 44. Rf7+ {[%emt 0:00:00]} Ke2 {[%emt 0:00:00]} 45. Re7+ {[%emt 0:00:00]} Kd1 {[%emt 0:00:00] [#]} 46. Kf1 $1 {[%emt 0:00:00]} Kc2 {[%emt 0:00:00]} 47. Ra7 {[%emt 0:00:00]} Kd3 {[%emt 0:00:00]} 48. Bxa5 {[%emt 0:00:00]} c4 {[%emt 0:00:00]} 49. Rd7+ {[%emt 0:00:00]} Ke4 {[%emt 0:00:00]} 50. Bd2 {[%emt 0:00:00]} Kf3 {[%emt 0:00:00]} 51. Rf7+ {[%emt 0:00:00]} Ke4 {[%emt 0:00:00]} 52. Ke2 {[%emt 0:00:00]} g4 {[%emt 0:00:00]} 53. Re7+ {[%emt 0:00:00]} Kf5 {[%emt 0:00:00]} 54. Rc7 {[%emt 0:00:00]} Re5+ {[%emt 0:00:00]} 55. Be3 {[%emt 0:00:00]} h4 {[%emt 0:00:00]} 56. gxh4 $18 {[%emt 0:00:00]} Kg6 {[%emt 0:00:00]} 57. Rc6+ {[%emt 0:00:00]} 1-0

[Event "15th Deltalift Open 2018"]
[Site "Halmstad"]
[Date "2018.05.12"]
[Round "8"]
[White "Berggren Torell, Harald"]
[Black "Lindhe, Magnus"]
[Result "0-1"]
[WhiteElo "2114"]
[BlackElo "2170"]
[Annotator "NA"]
[PlyCount "48"]
[EventDate "2018.??.??"]
[EventType "swiss"]
[EventCountry "SWE"]
[SourceTitle "playchess.com"]
[Source "ChessBase"]
[SourceQuality "1"]
[TimeControl "1800+12"]

1. e4 {[%emt 0:00:00]} c5 {[%emt 0:00:00]} 2. Nf3 {[%emt 0:00:00]} Nc6 {[%emt 0:00:00]} 3. Nc3 {[%emt 0:00:00]} g6 {[%emt 0:00:00]} 4. d4 {[%emt 0:00:00]} cxd4 {[%emt 0:00:00] LiveBook: 1737 Games} 5. Nxd4 {[%emt 0:00:00]} Bg7 {[%emt 0:00:00]} 6. Be3 {[%emt 0:00:00]} Nf6 {[%emt 0:00:00]} 7. Bc4 {[%emt 0:00:00]} O-O {[%emt 0:00:00]} 8. Bb3 {[%emt 0:00:00]} Qb6 {[%emt 0:00:00] B35: Sicilian: Accelerated Dragon with 5 Nc3: main line} (8... Re8 9. f3 e6 10. f4 d6 11. Ndb5 Bf8 12. Qf3 a6 13. Nd4 Na5 14. O-O b5 15. f5 exf5 16. exf5 {½-½ (39) Navara,D (2745)-Mamedov,R (2704) Shamkir 2018}) 9. Ne6 {[%emt 0:00:00]} Qxe3+ $146 {[%emt 0:00:00]} (9... Qa5 $16 10. Nxf8 Nxe4) ({Predecessor:} 9... Qb4 10. a3 Qa5 11. Nxg7 Kxg7 12. Qd2 Ng4 13. O-O-O Nxe3 14. Qxe3 d6 15. h4 Qc5 16. Qd2 Ne5 17. f3 a5 18. h5 Rh8 19. hxg6 hxg6 20. Rxh8 Kxh8 21. Qh6+ Kg8 22. Rh1 {1-0 (22) Mueller,T (1458)-Kneip,J (986) Cuxhaven 2005}) 10. fxe3 {[%emt 0:00:00]} dxe6 {[%emt 0:00:00]} 11. Qf3 {[%emt 0:00:00]} a6 {[%emt 0:00:00]} 12. a4 {[%emt 0:00:00]} Nd7 {[%emt 0:00:00]} 13. h4 {[%emt 0:00:00]} h6 {[%emt 0:00:00]} 14. a5 {[%emt 0:00:00]} Nc5 {[%emt 0:00:00]} 15. O-O {[%emt 0:00:00]} Ne5 {[%emt 0:00:00]} 16. Qf4 {[%emt 0:01:42]} Bd7 {[%emt 0:00:00]} 17. Rfd1 {[%emt 0:01:45]} (17. h5 $142) 17... Rac8 {[%emt 0:00:00] [#]} 18. Na4 {[%emt 0:01:35]} ({Better is} 18. h5 $1 $16) 18... Bxa4 {[%emt 0:00:00]} 19. Bxa4 {[%emt 0:03:28]} h5 {[%emt 0:00:52]} 20. c3 {[%emt 0:08:19]} Ned3 {[%emt 0:03:37]} 21. Rxd3 {[%emt 0:00:00]} Nxd3 {[%emt 0:00:00]} 22. Qf1 {[%emt 0:01:58]} Nxb2 {[%emt 0:00:39]} 23. Bd7 {[%emt 0:00:02]} Rxc3 $19 {[%emt 0:03:12]} 24. Rb1 {[%emt 0:00:05]} Rc7 {[%emt 0:00:27]} 0-1

[Event "15th Deltalift Open 2018"]
[Site "Halmstad"]
[Date "2018.05.12"]
[Round "8"]
[White "Holst, Conny"]
[Black "Blomstrom, Lars"]
[Result "1/2-1/2"]
[WhiteElo "2087"]
[BlackElo "2163"]
[Annotator "NA"]
[PlyCount "100"]
[EventDate "2018.??.??"]
[EventType "swiss"]
[EventCountry "SWE"]
[SourceTitle "playchess.com"]
[Source "ChessBase"]
[SourceQuality "1"]
[TimeControl "1800+12"]

1. d4 {[%emt 0:00:00]} Nf6 {[%emt 0:00:00]} 2. c4 {[%emt 0:00:00]} g6 {[%emt 0:00:00]} 3. Nc3 {[%emt 0:00:00]} Bg7 {[%emt 0:00:00]} 4. e4 {[%emt 0:00:00]} d6 {[%emt 0:00:00]} 5. Nge2 {[%emt 0:00:00]} O-O {[%emt 0:00:00]} 6. Ng3 {[%emt 0:00:00]} e5 {[%emt 0:00:00]} 7. d5 {[%emt 0:00:00]} a5 {[%emt 0:00:00]} 8. Be2 {[%emt 0:00:00]} Na6 {[%emt 0:00:00]} 9. h4 {[%emt 0:00:00]} h5 {[%emt 0:00:00]} 10. Bg5 {[%emt 0:00:00]} Qe8 {[%emt 0:00:00]} 11. Qd2 {[%emt 0:00:00]} Nh7 {[%emt 0:00:00]} 12. Be3 {[%emt 0:00:00] E70: King's Indian: Miscellaneous lines with 4 e4, including 5 Nge2 and 5 Bd3 0-0 6 Nge2} (12. Bh6 Qe7 13. O-O-O Bd7 14. Bxg7 Kxg7 15. Nf1 Nc5 16. Ne3 f5 17. exf5 gxf5 18. Bxh5 f4 19. Nc2 Bf5 {0-1 (33) Jakab,A (2369)-Toth,E (2431) Hungary 2016}) 12... Qe7 {[%emt 0:00:00]} 13. O-O-O {[%emt 0:00:00]} Bd7 {[%emt 0:00:00] LiveBook: 4 Games} 14. Kb1 {[%emt 0:00:00]} b6 $146 {[%emt 0:00:00]} ({Predecessor:} 14... Rfd8 15. Rdg1 Nc5 16. Bxh5 gxh5 17. Nxh5 {0-1 (41) Svendsen,M (2100)-Lakat,G (2016) Budapest 2002}) 15. Rdg1 {[%emt 0:00:00]} Nc5 {[%emt 0:00:00]} 16. Bxh5 {[%emt 0:00:00]} gxh5 {[%emt 0:00:00]} 17. Nxh5 {[%emt 0:00:00]} f5 $1 {[%emt 0:00:00]} 18. Nxg7 {[%emt 0:00:00]} Kxg7 {[%emt 0:00:00]} 19. Bh6+ {[%emt 0:00:00]} Kh8 {[%emt 0:00:00]} 20. Bxf8 {[%emt 0:00:00]} Rxf8 {[%emt 0:00:00]} 21. f3 {[%emt 0:00:00]} fxe4 {[%emt 0:07:54]} 22. fxe4 {[%emt 0:00:00]} Rf4 {[%emt 0:07:44]} 23. g3 {[%emt 0:06:19]} Nxe4 {[%emt 0:01:21]} 24. Nxe4 {[%emt 0:00:00]} Rxe4 {[%emt 0:00:00]} 25. Rf1 {[%emt 0:02:58]} Rg4 {[%emt 0:00:24]} 26. Rh2 {[%emt 0:09:43]} Qg7 {[%emt 0:01:16]} 27. Rhf2 {[%emt 0:04:09]} Be8 {[%emt 0:00:00]} 28. c5 {[%emt 0:04:35]} bxc5 {[%emt 0:05:40]} 29. Qxa5 {[%emt 0:00:00]} Rxg3 {[%emt 0:01:30]} 30. Qa8 {[%emt 0:01:46]} Qg8 {[%emt 0:02:32]} 31. Ka1 {[%emt 0:00:07]} Bb5 {[%emt 0:03:52]} 32. Qxg8+ {[%emt 0:03:33]} Kxg8 {[%emt 0:00:00]} 33. Rc1 {[%emt 0:00:00]} Rg4 {[%emt 0:02:21]} 34. b3 {[%emt 0:00:14]} Kg7 {[%emt 0:00:55]} 35. a4 {[%emt 0:00:00]} Ba6 {[%emt 0:00:00]} 36. Rc3 {[%emt 0:01:30]} Nf6 {[%emt 0:00:50]} 37. Rcf3 {[%emt 0:01:04]} Nxd5 {[%emt 0:00:00]} 38. Rf7+ {[%emt 0:00:23]} Kh6 {[%emt 0:00:00]} 39. Rd2 {[%emt 0:00:41]} Rd4 {[%emt 0:00:00]} 40. Rg2 {[%emt 0:00:00]} Rf4 {[%emt 0:00:01]} 41. Rd7 {[%emt 0:00:08]} Bc8 {[%emt 0:00:00]} 42. Rd8 {[%emt 0:00:00]} Bg4 {[%emt 0:00:00]} 43. a5 {[%emt 0:00:00]} Ne3 {[%emt 0:00:00] [#]} 44. Rxg4 $1 {[%emt 0:00:00]} Rxg4 {[%emt 0:00:00]} 45. a6 {[%emt 0:00:00]} Nd5 {[%emt 0:00:00]} ({Not} 45... Rxh4 $2 46. Rh8+ Kg5 47. Rxh4 $18) 46. a7 {[%emt 0:00:00]} Rg1+ {[%emt 0:00:00]} 47. Kb2 {[%emt 0:00:00]} Rg2+ {[%emt 0:00:00]} 48. Ka1 {[%emt 0:00:00]} Rg1+ {[%emt 0:00:00]} 49. Kb2 $11 {[%emt 0:00:00]} Rg2+ {[%emt 0:00:00]} 50. Ka1 {[%emt 0:00:00]} Rg1+ {[%emt 0:00:00]} 1/2-1/2

[Event "15th Deltalift Open 2018"]
[Site "Halmstad"]
[Date "2018.05.12"]
[Round "8"]
[White "Mejvik, Jacob"]
[Black "Arman, Deniz"]
[Result "0-1"]
[WhiteElo "2063"]
[BlackElo "2367"]
[Annotator "ChessBase"]
[PlyCount "140"]
[EventDate "2018.??.??"]
[EventType "swiss"]
[EventCountry "SWE"]
[SourceTitle "playchess.com"]
[Source "ChessBase"]
[SourceQuality "1"]
[TimeControl "1800+12"]

1. Nf3 {[%emt 0:00:00]} Nf6 {[%emt 0:00:00]} 2. c4 {[%emt 0:00:00]} g6 {[%emt 0:00:00]} 3. Nc3 {[%emt 0:00:00]} c5 {[%emt 0:00:00]} 4. d4 {[%emt 0:00:00]} cxd4 {[%emt 0:00:00]} 5. Nxd4 {[%emt 0:00:00]} Nc6 {[%emt 0:00:00]} 6. e4 {[%emt 0:00:00]} d6 {[%emt 0:00:00]} 7. Be2 {[%emt 0:00:00]} Bg7 {[%emt 0:00:00]} 8. Be3 {[%emt 0:00:00]} O-O {[%emt 0:00:00]} 9. O-O {[%emt 0:00:00]} Bd7 {[%emt 0:00:00]} 10. h3 {[%emt 0:00:00]} Nxd4 {[%emt 0:00:00]} 11. Bxd4 {[%emt 0:00:00]} Bc6 {[%emt 0:00:00]} 12. Qc2 {[%emt 0:00:00]} Rc8 {[%emt 0:00:00]} 13. Rfd1 {[%emt 0:00:00]} a6 {[%emt 0:00:00]} 14. c5 {[%emt 0:00:00]} Qa5 {[%emt 0:00:00]} 15. cxd6 {[%emt 0:00:00]} exd6 {[%emt 0:00:00]} 16. Bf3 {[%emt 0:00:00]} Rfe8 {[%emt 0:00:00]} 17. Qd3 {[%emt 0:00:00]} Rcd8 {[%emt 0:05:00]} 18. Rac1 {[%emt 0:00:00]} Qg5 {[%emt 0:01:37]} 19. b4 {[%emt 0:00:00]} Qh4 {[%emt 0:01:06]} 20. Re1 {[%emt 0:00:00]} Re6 {[%emt 0:03:14]} 21. Kh2 {[%emt 0:00:00]} g5 {[%emt 0:02:07]} 22. g3 {[%emt 0:02:10]} Qh6 {[%emt 0:00:00]} 23. Bg2 {[%emt 0:11:23]} Rde8 {[%emt 0:02:09]} 24. a4 {[%emt 0:00:58]} g4 {[%emt 0:05:53]} 25. h4 {[%emt 0:04:48]} Qg6 {[%emt 0:00:00]} 26. b5 {[%emt 0:00:05]} axb5 {[%emt 0:00:00]} 27. axb5 {[%emt 0:00:00]} Bxe4 {[%emt 0:01:24]} 28. Nxe4 {[%emt 0:00:58]} Nxe4 {[%emt 0:04:52]} 29. Bxe4 {[%emt 0:01:51]} Rxe4 {[%emt 0:00:00]} 30. Rxe4 {[%emt 0:00:00]} Qxe4 {[%emt 0:02:56]} 31. Qxe4 {[%emt 0:00:00]} Rxe4 {[%emt 0:00:00]} 32. Rc8+ {[%emt 0:00:00]} Bf8 {[%emt 0:00:00]} 33. Be3 {[%emt 0:00:00]} Kg7 {[%emt 0:00:00]} 34. Rb8 {[%emt 0:02:15]} Re7 {[%emt 0:00:00]} 35. Bd4+ {[%emt 0:00:00]} f6 {[%emt 0:00:00]} 36. b6 {[%emt 0:01:26]} Kf7 {[%emt 0:03:05]} 37. Bxf6 {[%emt 0:00:04]} Re8 {[%emt 0:03:02]} 38. Rxe8 {[%emt 0:02:10]} Kxe8 {[%emt 0:00:00]} 39. Kg2 {[%emt 0:00:04]} Kf7 {[%emt 0:00:53]} 40. Bd4 {[%emt 0:00:43]} Ke6 {[%emt 0:00:00]} 41. f3 {[%emt 0:00:31]} Kf5 {[%emt 0:00:00]} 42. Kf2 {[%emt 0:00:28]} h5 {[%emt 0:00:00]} 43. Ke2 {[%emt 0:02:21]} d5 {[%emt 0:00:00]} 44. Kf2 {[%emt 0:00:35]} Bd6 {[%emt 0:00:00]} 45. Kg2 {[%emt 0:00:19]} Bb4 {[%emt 0:00:00]} 46. Kf2 {[%emt 0:00:00]} Ba5 {[%emt 0:00:01]} 47. Ke2 {[%emt 0:00:00]} Bb4 {[%emt 0:01:13]} 48. Kf2 {[%emt 0:00:00]} gxf3 {[%emt 0:00:34]} 49. Kxf3 {[%emt 0:00:00]} Be1 {[%emt 0:00:00]} 50. Bb2 {[%emt 0:01:57]} Bb4 {[%emt 0:00:00]} 51. Bd4 {[%emt 0:00:28]} Be7 {[%emt 0:00:32]} 52. Be3 {[%emt 0:02:31]} Bd6 {[%emt 0:00:17]} 53. Bd4 {[%emt 0:00:15]} Bb8 {[%emt 0:00:15]} 54. Bb2 {[%emt 0:00:34]} Bd6 {[%emt 0:00:03]} 55. Bd4 {[%emt 0:00:00]} Bf8 {[%emt 0:00:00]} 56. Be3 {[%emt 0:00:25]} Bg7 {[%emt 0:00:00]} 57. Bc5 {[%emt 0:01:31]} Be5 {[%emt 0:00:00]} 58. Be7 {[%emt 0:00:00]} Bd4 {[%emt 0:00:00]} 59. Bd8 {[%emt 0:00:00]} Bg1 {[%emt 0:00:00]} 60. Kg2 {[%emt 0:00:00]} Be3 {[%emt 0:00:00]} 61. Kf3 {[%emt 0:00:00]} Bc5 {[%emt 0:00:00]} 62. Bc7 {[%emt 0:00:00]} d4 {[%emt 0:00:00]} 63. Ke2 {[%emt 0:00:00]} Ke4 {[%emt 0:00:00]} 64. Kd2 {[%emt 0:00:00]} Bb4+ {[%emt 0:00:00]} 65. Ke2 {[%emt 0:00:00]} d3+ {[%emt 0:00:00]} 66. Kd1 {[%emt 0:00:00]} Bc3 {[%emt 0:00:00]} 67. Kc1 {[%emt 0:00:00]} Kf3 {[%emt 0:00:00]} 68. Kd1 {[%emt 0:00:00]} Ba5 {[%emt 0:00:00]} 69. Bb8 {[%emt 0:00:00]} Bxb6 {[%emt 0:00:00]} 70. Kd2 {[%emt 0:00:00]} Ke4 {[%emt 0:00:00]} 0-1

[Event "15th Deltalift Open 2018"]
[Site "Halmstad"]
[Date "2018.05.12"]
[Round "8"]
[White "Hakansson, Stefan"]
[Black "Cramling Bellon, Anna"]
[Result "0-1"]
[WhiteElo "2010"]
[BlackElo "2153"]
[Annotator "NA"]
[PlyCount "68"]
[EventDate "2018.??.??"]
[EventType "swiss"]
[EventCountry "SWE"]
[SourceTitle "playchess.com"]
[Source "ChessBase"]
[SourceQuality "1"]
[TimeControl "1800+12"]

1. d4 {[%emt 0:00:00]} d5 {[%emt 0:00:00]} 2. Bf4 {[%emt 0:00:00]} Nf6 {[%emt 0:00:00]} 3. e3 {[%emt 0:00:00]} c5 {[%emt 0:00:00]} 4. c3 {[%emt 0:00:00]} Nc6 {[%emt 0:00:00]} 5. Nd2 {[%emt 0:00:00] D00: 1 d4 d5: Unusual lines} cxd4 {[%emt 0:00:00]} (5... Bf5 6. Ngf3 e6 7. Be2 Bd6 8. dxc5 Bxc5 9. Nd4 Bg6 10. Qa4 O-O 11. Nxc6 bxc6 12. Qxc6 Rc8 13. Qa4 Re8 14. O-O e5 {0-1 (57) Le,Q (2737)-Ding,L (2777) Riadh 2017}) 6. exd4 {[%emt 0:00:00]} Bf5 {[%emt 0:00:00]} 7. Ngf3 {[%emt 0:00:00]} e6 {[%emt 0:00:00]} 8. Be2 {[%emt 0:00:00]} Bd6 {[%emt 0:00:00]} 9. Bxd6 {[%emt 0:00:00] LiveBook: 4 Games} Qxd6 {[%emt 0:00:00]} 10. Nh4 {[%emt 0:00:00]} Bg6 {[%emt 0:00:00]} 11. Nxg6 $146 {[%emt 0:00:00]} ({Predecessor:} 11. O-O Be4 12. Nxe4 dxe4 13. Qc1 {½-½ (37) Paehtz,E (2464)-Guo,Q (2396) Riadh 2017}) 11... hxg6 {[%emt 0:00:00]} 12. h3 {[%emt 0:00:00]} g5 {[%emt 0:00:00]} 13. Nf1 {[%emt 0:00:00]} Ne4 {[%emt 0:00:00]} 14. Bf3 {[%emt 0:00:00]} f5 {[%emt 0:00:00]} 15. Bxe4 {[%emt 0:00:00]} dxe4 {[%emt 0:00:00]} 16. Ng3 {[%emt 0:00:00]} O-O-O {[%emt 0:00:00]} 17. Qe2 {[%emt 0:00:14]} Qd5 {[%emt 0:01:06]} 18. b3 {[%emt 0:02:40]} e5 {[%emt 0:08:50]} 19. Nxf5 {[%emt 0:02:08]} exd4 {[%emt 0:00:51]} 20. Nxd4 {[%emt 0:00:08]} Ne5 {[%emt 0:07:25]} 21. O-O-O {[%emt 0:05:15]} Nd3+ $16 {[%emt 0:00:18]} 22. Rxd3 {[%emt 0:10:00]} exd3 {[%emt 0:00:00]} 23. Qe6+ {[%emt 0:00:00]} Qxe6 {[%emt 0:08:23]} 24. Nxe6 {[%emt 0:00:00]} Rd5 {[%emt 0:00:00]} 25. Nd4 {[%emt 0:00:00]} g4 {[%emt 0:01:25]} 26. Rg1 {[%emt 0:06:43]} Rg5 {[%emt 0:03:54]} 27. f4 {[%emt 0:06:51]} gxf3 {[%emt 0:00:00]} 28. Nxf3 {[%emt 0:00:00]} Rg3 {[%emt 0:00:05]} 29. Kd2 {[%emt 0:00:05]} Rf8 {[%emt 0:00:14]} 30. Rf1 {[%emt 0:01:09]} Rxg2+ {[%emt 0:00:20]} 31. Kxd3 {[%emt 0:00:00]} Rg3 {[%emt 0:01:37]} 32. Ke4 {[%emt 0:00:00]} Rxh3 {[%emt 0:00:00]} 33. a4 {[%emt 0:00:12]} g5 {[%emt 0:00:00]} 34. Nxg5 {[%emt 0:00:39]} Rh4+ {[%emt 0:00:00]} 0-1